| 000 | 00862cam a22003134a 4500 | ||
|---|---|---|---|
| 001 | 15705407 | ||
| 003 | OSt | ||
| 005 | 20161017194250.0 | ||
| 008 | 090420s2008 enk b 001 0 eng c | ||
| 010 | _a 2009417508 | ||
| 016 | 7 |
_a101481345 _2DNLM |
|
| 020 | _a9780855986032 | ||
| 020 | _a0855986034 | ||
| 035 | _a(OCoLC)ocn227700443 | ||
| 040 | _cDMLN | ||
| 042 | _apcc | ||
| 050 | 0 | 0 |
_aRC606.6 _b.H568 2008 |
| 060 | 0 | 0 | _a2008 J-068 |
| 082 |
_bQW 551 _aH641w 2008 |
||
| 100 |
_aEdited by Alice Welbourn ; with Joanna Hoare. _911213 |
||
| 245 | 0 | 0 | _aHIV and AIDS |
| 260 |
_aOxford : _aHerndon, VA : _c2008. |
||
| 300 | _axxvi, 208 p. | ||
| 504 | _aIncludes bibliographical references and index. | ||
| 650 | 0 |
_aAIDS (Disease) _96869 |
|
| 650 | 1 | 2 |
_aHIV Infections. _92596 |
| 906 |
_a7 _bcbc _cpccadap _d2 _encip _f20 _gy-gencatlg |
||
| 942 |
_2z _cO_SHELF |
||
| 999 |
_c4445 _d4445 |
||